Music Trivia: Film Composers - Statistics

General Stats
  • This quiz has been taken 501 times
    489 since last reset
  • The average score is 6 of 15
Answer Stats
Hint-some of the movies scored by... Answer-the composer who wrote the musical score % Correct
Amistad, Jurassic Park, Schindler's List, Jaws, Seven Years in Tibet John Williams
92%
Gladiator, Inception, Black Hawk Down, Interstellar Hans Zimmer
79%
Untouchables, The Mission, The Hateful Eight, A Fistful of Dollars Ennio Morricone
52%
Beetlejuice, Scrooged, Sleepy Hollow, Men in Black Danny Elfman
46%
Toy Story, Pleasantville, Monsters Inc., The Natural, Randy Newman
44%
Avatar, Titanic, Braveheart, Aliens, The Land Before Time James Horner
38%
Pink Panther, Breakfast at Tiffany's, Love Story Henry Mancini
33%
Modern Times, City Lights, The Gold Rush Limelight Charlie Chaplin
28%
The Sixth Sense, I Am Legend, The Dark Knight, the Hunger Games James Newton Howard
28%
North by Northwest, Psycho, Taxi Driver, Citizen Kane Bernard Herrmann
23%
Kundun, The Truman Show, Koyaanisquatsi, The Hours Philip Glass
19%
Mystic River, Flags of Our Fathers, Million Dollar Baby Clint Eastwood
18%
Henry V., Eragon, Thor, Harry Potter and the Goblet of Fire, Much Ado About Nothing, Rise of the Planet of the Apes, Sense and Sensibility, Hamlet Patrick Doyle
18%
Stripes, The Magnificent Seven, The Ten Commandments, To Kill a Mockingbird Elmer Bernstein
17%
Ghost, Dead Poets Society, Lawrence of Arabia, Doctor Zhivago Maurice Jarre
15%
No matching quizzes found
Score Distribution
Percent of People with Each Score
Percentile by Number Answered
Your Score History
You have not taken this quiz since the last reset